00907nam a2200205 a 450000100100000000500170001000800410002704000250006808200170009310000370011024500760014726000350022330000210025850000630027950400730034250400330041595201150044895201210056399900170068400004432920201002045310.0140613s2001 dr 000 0 spa d aDO-SdBNPbspacBNPHU axxxxxbxxxxx1 aAlegría Pérez, Rafael97233910aEstado-Nación, Soberanía y nuevo orden /cRafael Alegría Pérez. aSanto Domingo :bs. n.,c2001. a308 p. ;c22 cm. aIncluye datos biográficos del autor en la contracubierta aIncluye referencias bibliográficas y notas al pie de las páginas aBibliografías : p. 303-308 0010718PDaPDbPDcHDd2014-06-13iLF1l0oxxxxx xxxxxp44329-10r2020-06-25w2020-06-25yLFPDZNo se presta 0010718PDaPDbPDcHDd2014-06-13iLF1l0oxxxxx xxxxxp44329-20r2020-06-25te. 2w2020-06-25yLFPDZNo se presta c43818d43818